00702nam a2200181 a 450000100100000000500170001000800410002702000180006804000250008610000370011124501220014826000210027030000270029170000460031870000330036495201060039799900170050300004065220201002034259.0130904s2012 sp 000 0 spa d a9788469521236 aDO-SdBNPbspacBNPHU1 aVázquez Serrano, Carmen96687210aInfecciones del tracto urinario /cCarmen Vázquez Serrano, Francisca Socorro López López, Camen Ríos Paredes. aMadrid :,c2012. a70 p. :bil. ;c22 cm.1 aLópez López, Francisca Socorro9668731 aRío Paredes, Carmen967012 0010507-18MOaGRbGRcOId2013-09-04iLF1l0o p40652-10r2020-06-25w2020-06-25y1ZNo se presta c40142d40142